El Sistema penitenciario panameño /

Salvato in:
Dettagli Bibliografici
Autore principale: Guerrero González, José Iván
Natura: testo
Soggetti:
Tags: Aggiungi Tag
Nessun Tag, puoi essere il primo ad aggiungerne!!

MARC

LEADER 00000 a a2200000 04500
001 9396
003
040
100 |a Guerrero González, José Iván  
245 |a El Sistema penitenciario panameño /  |c José Iván Guerrero González 
650 |a PRISIONES  
650 |a PROGRAMAS  
650 |a PRISIONES  
650 |a POBLACION  
650 |a PROGRAMAS DE CAPACITACION  
773 |g número 442; páginas 7-29  
999 |c 31222  |d 31222